Ponts de Paris sur une carte - Statistiques

Statistiques générales
  • Ce quiz a été pris 914 fois
  • Le résultat moyen est 16 sur 37
Réponses sur la Carte
Les réponses sont colorées sur une échelle allant du rouge au vert en fonction du pourcentage des utilisateurs qui les ont devinées à leur premier essai. Vous pouvez retrouver ces pourcentages ci-dessous.
 
Statistiques - réponses
Réponse % Correct
Pont Neuf
88%
Pont Alexandre III
81%
Pont de l'Alma
76%
Pont des Arts
72%
Pont d'Austerlitz
60%
Pont d'Iéna
60%
Pont de Bercy
57%
Pont de Bir-Hakeim
56%
Pont Mirabeau
53%
Pont des Invalides
51%
Pont Marie
50%
Pont de la Concorde
49%
Pont Saint-Louis
49%
Pont du Garigliano
45%
Pont de Sully
44%
Pont Saint-Michel
42%
Pont Notre-Dame
41%
Pont au Change
38%
Pont Charles de Gaulle
37%
Pont de Grenelle
37%
Pont de Tolbiac
36%
Pont Royal
35%
Passerelle Simone de Beauvoir
31%
Pont du Carrousel
31%
Passerelle Léopold-Sédar-Senghor
30%
Pont National
30%
Pont Louis-Philippe
29%
Petit-Pont-Cardinal-Lustiger
28%
Pont Amont
28%
Pont Aval
28%
Passerelle Debilly
26%
Pont d'Arcole
26%
Pont de l'Archevêché
25%
Pont de la Tournelle
25%
Pont au Double
22%
Viaduc d'Austerlitz
22%
Pont Rouelle
20%
Aucun quiz correspondant
Distribution des résultats
% des personnes avec chaque résultat
Percentile par nombre de réponses
Votre historique - résultats
Vous n’avez pas pris ce quiz